| 000 | 00665nam a2200205Ia 4500 | ||
|---|---|---|---|
| 999 |
_c48425 _d48425 |
||
| 003 | GCL | ||
| 005 | 20240530104532.0 | ||
| 008 | 140319s9999 xx 000 0 ara d | ||
| 040 |
_aGCL / _cGCL |
||
| 082 | 0 | 4 |
_a070.49 _bم م |
| 100 | 1 | _aمحمود ادهم | |
| 245 | 1 | 0 |
_aمقدمة الى الصحافة المصورة : الصورة الصحفية وسيلة اتصال / _cمحمود ادهم |
| 300 | _a212 ص | ||
| 490 |
_aالهيئة العامة للاستعلامات _v0 |
||
| 650 | 0 | 4 | _aالصحافة |
| 650 | 0 | 4 | _aوسائل الاعلام |
| 650 | 0 | 4 | _aالصحافة الفنية |
| 650 | 0 | 4 | _aالصحافة المصورة |
| 942 |
_2ddc _cBK |
||